[Event "Asturias-ch Juvenil"]
[Site "Oviedo"]
[Date "2012.12.27"]
[Round "2.4"]
[White "Lopez De Bustamante Ramos, Jorge"]
[Black "Caso Huerta, Marcos"]
[Result "1-0"]
[WhiteElo "1458"]
[BlackElo "1519"]
[PlyCount "111"]
[EventDate "2012.12.26"]
[EventType "swiss"]
[EventRounds "5"]
[EventCountry "ESP"]
[SourceTitle "EXT 2024"]
[Source "ChessBase"]
[SourceDate "2023.10.10"]
[SourceVersion "1"]
[SourceVersionDate "2023.10.10"]
[SourceQuality "1"]

1. f4 d5 2. Nf3 Nf6 3. e3 Nc6 4. d4 e6 5. Be2 Bd7 6. 0-0 Bd6 7. Bd2 Ne4 8. Be1 h6 9. Ne5 Ne7 10. Bh4 Rg8 11. Nd2 Nxd2 12. Qxd2 c6 13. Bh5 g6 14. Be2 Qc7 15. Rac1 Nf5 16. Be1 f6 17. Ng4 Be7 18. c4 h5 19. Nf2 dxc4 20. Bxc4 a5 21. a3 g5 22. Ne4 Nd6 23. Qd3 gxf4 24. Rxf4 f5 25. Nc5 Nxc4 26. Qxc4 Rg6 27. Qb3 Bxc5 28. Rxc5 b6 29. Rc1 0-0-0 30. Bg3 Qb7 31. d5 c5 32. dxe6 Bxe6 33. Qc2 Qe7 34. Bh4 Bb3 35. Bxe7 Bxc2 36. Bxd8 Be4 37. Rxe4 fxe4 38. Bh4 Kb7 39. Rd1 Ka6 40. Bg3 Kb5 41. Rd6 Rxd6 42. Bxd6 Kc4 43. Kf2 Kb3 44. Be5 b5 45. h3 b4 46. axb4 cxb4 47. g4 hxg4 48. hxg4 a4 49. g5 a3 50. bxa3 bxa3 51. g6 Kc2 52. g7 a2 53. g8Q a1Q 54. Bxa1 Kd3 55. Qb3+ Kd2 56. Qc3+ 1-0